000 00669nam a2200205 4500
001 16407
010 _a9789895870578
021 _b547562/25
090 _a16407
100 _a20250901d2025 m y0pory50030103ba
200 1 _aEstefânia, a rainha virgem
_fIsabel Stilwell
205 _a1ª ed
210 9 _aLisboa
_cPlaneta,
_d2025
215 _a475, [4] p., [16] p. il.
_cil.
_d24 cm
675 _a821.134.3-311.6"19/20"
_vBN
_zpor
675 _a929Estefânia, Rainha de Portugal(0:82-31)
_vBN
_zpor
700 1 _aStilwell,
_bIsabel,
_f1960-
801 0 _aPT
_bBN
_gRPC
856 4 1 _uhttp://rnod.bnportugal.gov.pt/ImagesBN/winlibimg.aspx?skey=&doc=2224834&img=211536&save=true
990 _cLIVROS